Mnożenie i Dzielenie - Prosta Matematyka #1 - Statystyki

Ogólne statystyki
  • Ten quiz został rozwiązany 2 647 razy
    2 579 od ostatniego zresetowania
  • Średni wynik to 15 z 20
Statystyki odpowiedzi
Hint Odpowiedź % Poprawnych
5*6 30
99%
1*90 90
99%
7*7 49
98%
15:5 3
97%
77:11 7
96%
9*11 99
96%
2*74 148
94%
240:2 120
85%
19:2 9,5
77%
21*5 105
69%
17*3 51
68%
135:9 15
67%
14:7 2
66%
11*11 121
65%
12*12 144
61%
200:10 20
61%
169:13 13
53%
21:2 10,5
51%
14*9 126
50%
2048:512 4
49%
Nie znaleziono quizów pasujących do podanych kryteriów
Rozkład punktacji
Procent ludzi z każdym wynikiem
Percentyl według liczby udzielonych odpowiedzi
Twoja historia wyników
Nie rozwiązałeś tego quizu od ostatniego zresetowania